<?xml version="1.0" encoding="UTF-8"?>
<record
    xmlns:xsi="http://www.w3.org/2001/XMLSchema-instance"
    xsi:schemaLocation="http://www.loc.gov/MARC21/slim http://www.loc.gov/standards/marcxml/schema/MARC21slim.xsd"
    xmlns="http://www.loc.gov/MARC21/slim">

  <leader>00667nam a2200217 u 4500</leader>
  <datafield tag="999" ind1=" " ind2=" ">
    <subfield code="c">7748</subfield>
    <subfield code="d">7748</subfield>
  </datafield>
  <controlfield tag="001">991060992576706706</controlfield>
  <controlfield tag="003">OSt</controlfield>
  <controlfield tag="005">20230615180621.0</controlfield>
  <controlfield tag="008">      s2021    xx      r     000 0 cat d</controlfield>
  <datafield tag="015" ind1=" " ind2=" ">
    <subfield code="2">Biblioteca de Catalunya</subfield>
    <subfield code="a">DL B10755-2023</subfield>
  </datafield>
  <datafield tag="020" ind1=" " ind2=" ">
    <subfield code="a">9788419676184</subfield>
  </datafield>
  <datafield tag="040" ind1=" " ind2=" ">
    <subfield code="a">CDMR</subfield>
    <subfield code="b">cat</subfield>
    <subfield code="c">CDMR</subfield>
  </datafield>
  <datafield tag="100" ind1="1" ind2=" ">
    <subfield code="a">Espa&#xF1;ol, Piti</subfield>
    <subfield code="9">3035</subfield>
  </datafield>
  <datafield tag="245" ind1=" " ind2=" ">
    <subfield code="a">Com escriure di&#xE0;legs que funcionin per a cinema i televisi&#xF3; </subfield>
    <subfield code="b">: guia pr&#xE0;ctica </subfield>
    <subfield code="c">/ Piti Espa&#xF1;ol</subfield>
  </datafield>
  <datafield tag="260" ind1=" " ind2=" ">
    <subfield code="a">Barcelona </subfield>
    <subfield code="b">: Laertes</subfield>
    <subfield code="c">, 2023</subfield>
  </datafield>
  <datafield tag="300" ind1=" " ind2=" ">
    <subfield code="a">204 p&#xE0;gines</subfield>
  </datafield>
  <datafield tag="490" ind1=" " ind2=" ">
    <subfield code="a">Kaplan </subfield>
    <subfield code="v">; 71</subfield>
  </datafield>
  <datafield tag="650" ind1=" " ind2="0">
    <subfield code="9">836</subfield>
    <subfield code="a">Guions cinematogr&#xE0;fics</subfield>
  </datafield>
  <datafield tag="650" ind1=" " ind2="0">
    <subfield code="9">3143</subfield>
    <subfield code="a">Guions televisius</subfield>
  </datafield>
  <datafield tag="942" ind1=" " ind2=" ">
    <subfield code="2">udc</subfield>
    <subfield code="c">MON</subfield>
  </datafield>
  <datafield tag="952" ind1=" " ind2=" ">
    <subfield code="0">0</subfield>
    <subfield code="1">0</subfield>
    <subfield code="4">0</subfield>
    <subfield code="7">0</subfield>
    <subfield code="a">CDMR</subfield>
    <subfield code="b">CDMR</subfield>
    <subfield code="d">2023-06-15</subfield>
    <subfield code="e">Donaci&#xF3;</subfield>
    <subfield code="g">18.00</subfield>
    <subfield code="l">1</subfield>
    <subfield code="m">1</subfield>
    <subfield code="o">Fo 4/13</subfield>
    <subfield code="p">CDMR23060008</subfield>
    <subfield code="r">2023-10-24</subfield>
    <subfield code="s">2023-10-02</subfield>
    <subfield code="w">2023-06-15</subfield>
    <subfield code="y">MON</subfield>
  </datafield>
</record>
